000 00655nam a2200229 a 4500
001 53006
003 BD-RjUL
005 20211209075908.0
008 160902s2005 enka 001 0 eng c
020 _a8120326768
035 _a(BD-RjUL)53126
040 _aNew York Public Libr./ICU
_cICU
_beng
_dBD-RjUL
041 _aeng
082 0 0 _a531
_bRAC 2005
_223
100 1 0 _aRao, K. Sankara
_9158435
245 1 0 _aClassical mechanics /
_cK. Sankara Rao
260 _aNew Delhi :
_bPrentice-hall of India,
_cc2005
300 _axi, 399 p. :
_bill. ;
_c22 cm.
504 _aIncludes index and bibliography.
650 0 _aMechanics.
_928553
942 _2ddc
_cBK
999 _c53006
_d53006